Personnalités nées dans le Cantal par images - Statistiques

Statistiques générales
  • Ce quiz a été pris 85 fois
  • Le résultat moyen est 2 sur 10
Statistiques - réponses
Par images Réponse % Correct
Georges Pompidou
99%
Paul Doumer
19%
Olivier Magne
15%
Jacques Mézard
7%
Marie Marvingt
4%
Sylvestre II
3%
Georges Monnet
1%
Jean-Baptiste Carrier
1%
Jean Raynal
0%
Laurent Goumarre
0%
Aucun quiz correspondant
Distribution des résultats
% des personnes avec chaque résultat
Percentile par nombre de réponses
Votre historique - résultats
Vous n’avez pas pris ce quiz